| 000 | 00711cab a2200241 4500 | ||
|---|---|---|---|
| 001 | ABS52478 | ||
| 008 | 090401t1995 xxu||||| |||| 00| 0 eng d | ||
| 035 | _a(Sirsi) u80854 | ||
| 041 | _aeng | ||
| 100 | _aInman, J. | ||
| 245 | _aAssessing retail impact | ||
| 260 | _c1995 | ||
| 350 | _a0 | ||
| 490 |
_aScottish Planner _v(43) March 1995, 4(1) |
||
| 520 | _aLooks at the current system of retail impact assessment, and offers some suggestions for improvement. | ||
| 650 | _aPLANNING APPLICATIONS | ||
| 650 | _aRETAIL DEVELOPMENT | ||
| 650 | _aRETAIL IMPACT ASSESSMENT | ||
| 650 | _aRETAIL PROPERTY | ||
| 690 | _aPROPERTY-COMMERCIAL PROPERTY-RETAIL PROPERTY | ||
| 942 | _n0 | ||
| 948 | _c04/03/1997 | ||
| 999 |
_c50925 _d50925 |
||